banner-ar

دراسات منهجية معاصرة فى محاسبة التكاليف الفعلية / (Record no. 53425)

MARC details
000 -الفاتح
حقل البيانات ثابتة الطول 00891nam a2200217Ia 4500
005 - وقت وتاريخ اخر تعامل مع التسجيلة
رقم الضبط 20240530105130.0
008 - عناصر البيانات ثابتة الطول - معلومات عامة
حقل البيانات ثابتة الطول 140319s1992 ly g 000 0 ara d
017 ## - رقم الايداع القانونى
رقم الايداع القانونى 92/1299
المصدر ( الهيئة المختصة) لبيا. دار الكتب الوطنية
040 ## - مصدر الفهرسة
وكالة الفهرسة الأصلية GCL /
وكالة النسخ GCL
082 04 - رقم تصنيف ديوى العشرى
رقم التصنيف 657.42
رقم المادة م د
100 0# - المدخل الرئيسى - إسم شخصى
الإسم الشخصى مجدى عمارة
245 10 - بيان العنوان
العنوان دراسات منهجية معاصرة فى محاسبة التكاليف الفعلية /
بيان المسئوليه,etc مجدى عمارة، ميلود خليفة، الهادى السحيرى
260 ## - PUBLICATION, DISTRIBUTION, ETC. (IMPRINT)
تاريخ النشر أو التوزيع 1992
300 ## - الوصف المادى
التعداد 684 ص. ؛
أبعاد الوعاء 24 سم
490 0# - بيان السلسلة
عنوان السلسلة منشورات كلية المحاسبة
650 07 - المدخل الاضافى بالموضوع-مصطلح موضوعى
مصدر الرأس أو المصطلح qrmak
مصطلح موضوعي محاسبة التكاليف
650 07 - المدخل الاضافى بالموضوع-مصطلح موضوعى
مصدر الرأس أو المصطلح qrmak
مصطلح موضوعي المحاسبة
700 0# - المدخل الاضافى - اسم شخصى
الإسم الشخصى ميلود خليفة
الدور مؤلف مشارك
700 0# - المدخل الاضافى - اسم شخصى
الإسم الشخصى الهادى السحيرى
الدور مؤلف مشارك
942 ## - عناصر المدخل الإضافي( كوها)
مصدر التصنيف او مخطط الترفيف Dewey Decimal Classification
Koha [default] item type كتاب
260 ## - PUBLICATION, DISTRIBUTION, ETC. (IMPRINT)
-- طرابلس :
-- جامعة الجبل الغربى،
Holdings
حالة التراجع حالة الفقد حالة تلف ليس للاعارة المكان المؤقت الموقع الحالى تاريخ الاكتساب اجمالي اﻻعارات رقم الطلب الباركود تاريخ اخر مشاهدة تاريخ تفعيل السعر نوع وعاء كوها موقع الترفيف
        مكتبة القاهرة الكبرى مكتبة القاهرة الكبرى 03/26/2014   657.42\م د 128196 03/26/2014 03/26/2014 كتاب  
        مكتبة القاهرة الكبرى مكتبة القاهرة الكبرى 03/26/2014   657.42\م د 128197 03/26/2014 03/26/2014 كتاب  
        مكتبة القاهرة الكبرى مكتبة القاهرة الكبرى 01/17/2023   657.42 م د 169191 01/17/2023 01/17/2023 كتاب ق الرئيسية_الإدارة_ك عربى

Powered By

EGPV